000 00352 a2200133 4500
001 88424
082 _aPR 639
090 _c41849
_d41849
100 _aUmar, O.A
245 _aInitial Testing of low speed 3-stage axial flow compressor
260 _aKarachi
_bUniversity of Karachi
_c1977
300 _a70p.
500 _aBE Project Reports
942 _aUniversity of Karachi
_kPR 639
999 _c323497
_d323497